ANNO UNO (Record n. 106166)
[ formato base ]
| 000 -LEADER | |
|---|---|
| fixed length control field | 01605agaaa2200313 4500 |
| 001 - CONTROL NUMBER | |
| control field | 1387 |
| 003 - CONTROL NUMBER IDENTIFIER | |
| control field | IT-RoPAU |
| 005 - DATE AND TIME OF LATEST TRANSACTION | |
| control field | 20220918181241.0 |
| 007 - PHYSICAL DESCRIPTION FIXED FIELD--GENERAL INFORMATION | |
| fixed length control field | d cvaizq |
| 008 - FIXED-LENGTH DATA ELEMENTS--GENERAL INFORMATION | |
| fixed length control field | 50131s9999||||xx ||| | || ||und|| |
| 040 ## - CATALOGING SOURCE | |
| Original cataloging agency | IT-RoPAU |
| Transcribing agency | IT-RoPAU |
| 041 ## - LANGUAGE CODE | |
| Language code of text/sound track or separate title | ITALIANO |
| 100 ## - MAIN ENTRY--PERSONAL NAME | |
| Personal name | Rossellini Roberto |
| Miscellaneous information | Codice regista SPICS: 1870 |
| 9 (RLIN) | 45459 |
| 130 ## - MAIN ENTRY--UNIFORM TITLE | |
| Uniform title | ANNO UNO |
| 9 (RLIN) | 45460 |
| 245 ## - TITLE STATEMENT | |
| Title | ANNO UNO |
| Statement of responsibility, etc. | Sceneggiatura: Rossellini Roberto Mariani Marcella Scaffa Luciano -- Diretto da: Rossellini Roberto |
| Name of part/section of a work | ANNO UNO (Rif. Codice opera principale : 71387) |
| 250 ## - EDITION STATEMENT | |
| Edition statement | Edizione Standard |
| 260 ## - PUBLICATION, DISTRIBUTION, ETC. (IMPRINT) | |
| Place of publication, distribution, etc. | MILANO (ITALIA) |
| Name of publisher, distributor, etc. | RUSCONI / Distribuzione: RAI TRE |
| Date of manufacture | "1974 (1° ed.: 1988 ; Ed. Lingua Orig.: 1974)" |
| 300 ## - PHYSICAL DESCRIPTION | |
| Extent | VHS |
| Other physical details | sonoro, col. |
| Dimensions | 120 minuti |
| 508 ## - CREATION/PRODUCTION CREDITS NOTE | |
| Creation/production credits note | "Fotografia: Montuori Mario; Montaggio: Benvenuti Jolanda; Musica: Nascimbene Mario; Sceneggiatura: Rossellini Roberto Mariani Marcella Scaffa Luciano; Scenografia: Mangano Giuseppe; " |
| 511 ## - PARTICIPANT OR PERFORMER NOTE | |
| Participant or performer note | "Vannucchi Luigi; Dominique-Darel; Rita-Calderoni; Valeria-Sabel; Gianni-Rizzo" |
| 520 ## - SUMMARY, ETC. | |
| Summary, etc. | IN QUESTO FILM VENGONO TRATTATI ED ESAMINATI GLI AVVENIMENTI LEGATI ALLA FIGURA POLITICA DI ALCIDE DE GASPERI DALLA FINE DELLA GUERRA AL 1954 FILM BIOGRAFICO A COLORI |
| 538 ## - SYSTEM DETAILS NOTE | |
| System details note | PAL, STEREO |
| 546 ## - LANGUAGE NOTE | |
| Language note | ITALIANO |
| 650 ## - SUBJECT ADDED ENTRY--TOPICAL TERM | |
| Topical term or geographic name as entry element | BIOGRAFICO |
| Relator term | FILMS [VHS] |
| General subdivision | Codice MATERIA SPICS: 9960 |
| 9 (RLIN) | 36736 |
| 700 ## - ADDED ENTRY--PERSONAL NAME | |
| Personal name | Nascimbene Mario |
| Relator term | (musica) |
| Miscellaneous information | Codice Musica SPICS: 11469 |
| 9 (RLIN) | 45461 |
| 700 ## - ADDED ENTRY--PERSONAL NAME | |
| Personal name | Rossellini Roberto |
| Relator term | (regista) |
| Miscellaneous information | Codice regista SPICS: 1870 |
| 9 (RLIN) | 45462 |
| 700 ## - ADDED ENTRY--PERSONAL NAME | |
| Personal name | Rossellini Roberto |
| Relator term | (soggetto) |
| Miscellaneous information | Codice Soggetto SPICS: 1870 |
| 9 (RLIN) | 45463 |
| 942 ## - ADDED ENTRY ELEMENTS (KOHA) | |
| Koha item type | VHS - VIDEO |
| Source of classification or shelving scheme | Dewey Decimal Classification |
| Withdrawn status | Lost status | Damaged status | Not for loan | Home library | Current library | Date acquired | Total Checkouts | Full call number | Date last seen | Price effective from | Koha item type | Public note |
|---|---|---|---|---|---|---|---|---|---|---|---|---|
| Buone Condizioni | Not For Loan | SPICS-MEDIATECA | SPICS-MEDIATECA | 31/01/2015 | 71387 | 31/01/2015 | 31/01/2015 | VHS - VIDEO | Progr. Ins.: 2397 / N.Vol.:1 / Copie: 1 / Pag.:0 / Copia rara: n.d. / date import: 1.2.2015 / By Epidotti, Trombetti, Vaglietti |